Regionálna politika v Slovenskej republike

Na minha lista:
Detalhes bibliográficos
Autor principal: Buček, Milan
Formato: Capítulo de Livro
Idioma:eslovaco
Tags: Adicionar Tag
Sem tags, seja o primeiro a adicionar uma tag!

MARC

LEADER 00000naa$a2200000$$$4500
001 0126440
005 20240502072436.8
041 0 |a slo 
044 |a SK 
245 1 0 |a Regionálna politika v Slovenskej republike  |c Milan Buček 
100 1 |a Buček, Milan